000 01134nam a22003137a 4500
005 20240530110434.0
008 150406s2011 ua g 000 0 ara d
017 _a2010/15642
_bمصر . دار الكتب المصرية
020 _a978977428191
040 _aEG-CaGPL
082 0 4 _221
_a320.53\
_bن ى
100 0 _aنجلاء مكاوى
245 1 2 _aاليسار الجديد فى امريكا اللاتينية :
_bبين التحالف و الانقسام /
_cنجلاء مكاوى .
250 _aط1.
260 _aالقاهرة :
_bمصر العربية للنشر و التوزيع ،
_c2011.
300 _a253 ص ؛
_c24 سم.
600 0 _aتابارى فاسكويز
600 0 _aلولا دا سيلفيا
600 0 _aموريسيو فونس
600 0 _aرافاييل كوريا
600 0 _aدانيال اورتيجا
600 0 _aميشيل باشيليه
600 0 _aايفو موراليس
650 0 4 _aامريكا الجنوبية
650 0 4 _aالراديكالية
650 0 4 _aالليبرالية
942 _2ddc
_cBK
999 _c60916
_d60916